Treasure Island
Guardado en:
| Hovedforfatter: | |
|---|---|
| Format: | Bog |
| Sprog: | Undetermined |
| Udgivet: |
New York, Estados Unidos
Globe Book Company
1948
|
| Fag: | |
| Tags: |
Tilføj Tag
Ingen Tags, Vær først til at tagge denne postø!
|
MARC
| LEADER | 00000nam a2200000Ia 4500 | ||
|---|---|---|---|
| 008 | 170316s9999 xx 000 0 und d | ||
| 999 | |c 7076 |d 7076 | ||
| 040 | |a cru BVZT | ||
| 090 | |a 820 S-16t | ||
| 100 | |a Stevenson, Robert Louis | ||
| 245 | |a Treasure Island |c Robert Louis Stevenson | ||
| 260 | |a New York, Estados Unidos | ||
| 260 | |b Globe Book Company | ||
| 260 | |c 1948 | ||
| 300 | |a 380 páginas | ||
| 650 | |a LITERATURA INGLESA |9 12 | ||
| 650 | |a EN IDIOMA INGLÉS |9 129 | ||
| 650 | |a NOVELA DE AVENTURAS | ||
| 942 | |c 15 D |h 820 S-16t |2 z | ||
